Las sectas rusas: aberraciones religiosas de los eslavos

Gespeichert in:
Bibliographische Detailangaben
1. Verfasser: Gómez, Hilario (VerfasserIn)
Format: Buch
Sprache:Spanisch
Veröffentlicht: Madrid Consejo Superior de Investigaciones Científicas 1949
Schlagworte:
Tags: Tag hinzufügen
Keine Tags, Fügen Sie den ersten Tag hinzu!

MARC

LEADER 00000nam a2200000 a 4500
001 UCO1693
003 CL-VaPUC
008 000519e19490000SP |||||||||||||||||spa|d
082 0 4 |a 291.9  |b GOM  |2 21 
100 |a Gómez, Hilario  |e author  |9 444137 
245 1 4 |a Las sectas rusas: aberraciones religiosas de los eslavos 
300 |a 415 p 
942 |c BK 
945 |d 20000519 00:00:00  |a rherrera 
260 |a Madrid  |b Consejo Superior de Investigaciones Científicas  |c 1949 
650 0 |a Sectas  |9 320072 
650 0 |a Protestantismo  |9 317293 
650 7 |a ESCOPCISMO  |2 CL-VaPUC  |9 444138 
650 7 |a CLISTISMO  |2 CL-VaPUC  |9 444139 
650 7 |a SECTAS MISTICAS  |2 CL-VaPUC  |9 443161 
650 7 |a SECTAS SECRETAS  |2 CL-VaPUC  |9 444140 
651 0 |a Rusia   |9 256106 
583 |a last modification  |c 20000519 00:00:00  |k Rodrigo Vera 
999 |c 288297  |d 288295 
952 |0 0  |1 0  |4 0  |6 291_900000000000000_GOM_1949  |7 0  |8 X  |9 335881  |a BIBHIS  |b BIBHIS  |d 2019-11-20  |i 1282581  |o 291.9 GOM 1949  |p 1282581  |r 2024-01-30  |w 2019-11-20  |y BK_X  |k HIS